Statistics for USA's most Affordable Cities

Click here to take the quiz!

General Stats

  • This quiz has been taken 81 times
    (69 since last reset)
  • The average score is 15 of 21

Answer Stats

Hint Answer % Correct
2TNMemphis
90%
1NYBuffalo
88%
3OHCincinnati
85%
9OKOklahoma City
80%
15FLJacksonville
80%
13MOSt. Louis
80%
11 (tie)MIDetroit
80%
20OHColumbus
80%
16PAPittsburgh
78%
8KYLouisville
77%
18FLTampa
73%
6OHAkron
70%
17OKTulsa
68%
12ALBirmingham
67%
11 (tie)OHToledo
63%
14VAVirginia Beach
60%
19NYSyracuse
57%
5TNKnoxville
57%
4OHDayton
55%
7MIGrand Rapids
55%
10MIWarren
17%

Score Distribution

Percentile by Number Answered

Percent of People with Each Score

Your Score History

You have not taken this quiz since the last reset